Suttanta Pitaka : (Record no. 3022)

MARC details
000 -LEADER
fixed length control field 00563nam a2200145 4500
001 - CONTROL NUMBER
control field 3699
005 - DATE AND TIME OF LATEST TRANSACTION
control field 20181127171819.0
090 00 - LOCALLY ASSIGNED LC-TYPE CALL NUMBER (OCLC); LOCAL CALL NUMBER (RLIN)
Classification number (OCLC) (R) ; Classification number, CALL (RLIN) (NR) 244.43 L426p 2005
245 00 - TITLE STATEMENT
Title Suttanta Pitaka :
Remainder of title Pathika Vagga Pali /
Statement of responsibility, etc. Translated by U Ko Lay.
Medium
260 00 - PUBLICATION, DISTRIBUTION, ETC.
Place of publication, distribution, etc. Yangon, Myanmar :
Name of publisher, distributor, etc. U Tun Mya Aung,
Date of publication, distribution, etc. 2005.
300 00 - PHYSICAL DESCRIPTION
Extent xxvi, 387 p. ; 24 cm.
500 ## - GENERAL NOTE
General note "Digha Nikaya: Collection of numerically graduated discourses"
General note "Edited by the Editorial Committee, Department for the Promotion and Propagation of the Sasana, Yangon, Myanmar"
650 00 - SUBJECT ADDED ENTRY--TOPICAL TERM
Topical term or geographic name entry element Tipitaka. Suttapitaka.
General subdivision
Holdings
Withdrawn status Lost status Source of classification or shelving scheme Damaged status Not for loan Collection code Home library Current library Shelving location Serial Enumeration / chronology Inventory number Total Checkouts Full call number Barcode Date last seen Copy number Price effective from Koha item type
    Dewey Decimal Classification     Main TEST RTC Library RTC Library Main opac 6301   244.4 LAY 30005970 27/11/2018 2 27/11/2018 Main
    Dewey Decimal Classification     Main TEST RTC Library RTC Library Main opac 6300   244.3 LAY 30005954 27/11/2018 1 27/11/2018 Main
Royal Thimphu College || All Right Reserved